00605nam a2200181Ia 4500003000400000008004100004040001600045082001800061100003100079245014000110260005900250300001300309490000500322650002800327650002800355650001700383650002300400GCL140319s9999 xx 000 0 ara d aGCL / cGCL04a811.98bم ف1 aمحمد على هوانه10a"الفراعنة فى امريكا ""المهاجرون"" أشعار بالعامية المصرية" / cمحمد على هوانه a[S.N] : bمطابع جريدة السفير ، c1989 a112 صص a04aالشعر العربى04aالادب العربى04aالمهجر04aالمجموعات